Statistics for Guess the object from the zoomed in picture

Click here to take the quiz!

General Stats

  • This quiz has been taken 367 times
  • The average score is 11 of 15

Answer Stats

Answer% Correct
Rose
94%
Kiwi
93%
Fish
92%
Phone
88%
Sponge
83%
Car
81%
Cat
80%
rabbit
80%
Eiffel Tower
75%
Apple
74%
Daisy
67%
Beer
60%
Pizza
48%
Wellington Boot
31%
Cotton Candy
7%

Score Distribution

Percentile by Number Answered

Percent of People with Each Score

Your Score History

You have not taken this quiz